• 首页
  • 本馆介绍
  • 公告通知
  • 最新文献
  • 馆藏检索
  • 电子资源
  • 读者导购
  • 参考咨询
  • 我的图书馆
  • 登录
  • 详细信息显示
  • 放入我的书架
  • 预约/预借图书
  • 作者相关作品
  • 分类相关作品
  • 丛书相关作品
  • 出版社相关作品

书目信息

  • 表格格式
  • 工作单格式
  • 卡片格式
题名:
天体运行论
    
 
作者: 哥白尼 著 ;叶式辉 , 易照华 译
分册:  
出版信息: 北京   北京大学出版社  2006.05
页数: 346页
开本: 26cm
丛书名: 科学素养文库
单 册:
中图分类: P134
科图分类:
主题词: 日心地动说--ri xin di dong shuo
电子资源:
ISBN: 978-7-301-09547-8
000 01190nam 2200313 450
001 0106081911
005 20221010151205.47
010    @a978-7-301-09547-8@dCNY69.00
100    @a20060104e20192006em y0chiy0110 ea
101 1  @achi@cpol
102    @aCN@b110000
105    @aa z 000yy
200 1  @a天体运行论@ATian Ti Yun Xing Lun@f(波)哥白尼著@g叶式辉译@g易照华校
210    @a北京@c北京大学出版社@d2006.05@h2019.12
215    @a346页@c图,照片@d26cm
225 2  @a科学素养文库@Ake xue su yang wen ku@i科学元典丛书
300    @a“十一五”国家重点图书出版规划
308    @a丛书第一辑
330    @a本书共六卷,阐述日心说的各种论据,用球面天文的方法论述天体在黄道、赤道上的视运动,讲解太阳视运动及其不均匀性以及视差,讨论月球的运行和日、月食的原理,以及五大行星。
461  0 @12001 @a科学素养文库
462  0 @12001 @a科学元典丛书
510 1  @aOn the revolutions@zeng
606 0  @a日心地动说@Ari xin di dong shuo
690    @aP134@v5
701  0 @c(波)@a哥白尼@AGe Bai Ni@c(Copernicus, Nicolaus@f1473~1543)@4著
702  0 @a叶式辉@AYe Shi Hui@f(1928~)@4译
702  0 @a易照华@AYi Zhao Hua@f(1931~)@4校
801  0 @aCN@bBJSZM@c20201106
905    @b1194296-9@dP134@e316@f4
    
    天体运行论/(波)哥白尼著/叶式辉译/易照华校.-北京:北京大学出版社,2006.05(2019.12)
    346页:图,照片;26cm.-(科学素养文库.科学元典丛书)
    “十一五”国家重点图书出版规划
    
    ISBN 978-7-301-09547-8:CNY69.00
    本书共六卷,阐述日心说的各种论据,用球面天文的方法论述天体在黄道、赤道上的视运动,讲解太阳视运动及其不均匀性以及视差,讨论月球的运行和日、月食的原理,以及五大行星。
●
相关链接 在E读中查询图书 在五车中查询图书 在当当中查询图书 在豆瓣中查询图书


正题名:天体运行论     索取号:P134/316         预约/预借

序号 登录号 条形码 馆藏地/架位号 状态 备注
1 1056625   210566252   第三借阅区/ [索取号:P134/316] 在馆    
2 1194296   211942969   第二样本阅览室/ [索取号:P134/316] 在馆    
3 1194297   211942978   第三借阅区/ [索取号:P134/316] 在馆    
4 1194298   211942987   第三借阅区/ [索取号:P134/316] 在馆    
5 1194299   211942996   第三借阅区/ [索取号:P134/316] 在馆    
唐山师范学院图书馆 欢迎您!
大连网信软件有限公司© 版权所有